000
00279nam a2200109Ia 4500
008
200302s9999 xx 000 0 und d
100
_a
Alan Spedding
245
_a
Building Maintenance Economics and Management
260
_b
E & F. N. Spon Ltd.
260
_c
1987
300
_a
410 P.,
999
_c
2127
_d
2127